000 01162nam a22002417a 4500
999 _c57787
_d57787
003 Ge_BSU
005 20201201113856.0
008 201130s2020 ge ||||| |||| 00| 0 geo d
041 _ageo
080 _a615.11 ბ-19
100 _aბაკურიძე, ა
_99798
245 _aგალენური პრეპარატების ტექნოლოგია
_b(პრაქტიკული კურსი) სახელმძღვ. /
_cალიოშა ბაკურიძე, გულნარა მიქაია, ლაშა ბაკურიძე.
264 _aთბილისი,
_c2020.
300 _a246 გვ.
_bსურ.
_c28 სმ.
504 _aბუბლიოგრ. გვ. 244
653 _aგალენური პრეპარატები
653 _aმედიცინა
653 _aფარმაცია
700 _aმიქაია ,გულნარა
_eავტორი
_99799
700 _aბაკურიძე, ლაშა
_eავტორი
_99796
700 _aერიაშვილი, ვ.
_eრედაქტორი
_99800
942 _2udc
_cBK